[Event "SR 3. liga A2 2007/2008"]
[Site "?"]
[Date "2007.10.27"]
[Round "3"]
[White "Sipkovsky, Ivan"]
[Black "Cajka, Tibor"]
[Result "0-1"]
[WhiteElo "1897"]
[BlackElo "1830"]
[PlyCount "60"]
[EventDate "2007.??.??"]

1. e4 c5 2. Nf3 d6 3. d4 cxd4 4. Nxd4 Nf6 5. Nc3 a6 6. Be3 e5 7. Nb3 Be6 8. Be2
Be7 9. f4 exf4 10. Bxf4 Nc6 11. Qd2 Ne5 12. O-O-O O-O 13. Kb1 b5 14. Bf3 Rc8
15. Qe2 Qc7 16. Nd5 Nxd5 17. exd5 Bf5 18. Nd4 Bg6 19. Nc6 Bf6 20. h4 h6 21. g4
Rfe8 22. Qf2 Nxf3 23. Qxf3 Be4 24. Qg3 Bxd5 25. Nb4 Bxa2+ 26. Kxa2 Qc4+ 27. Kb1
Qxb4 28. Bc1 Re2 29. g5 Rcxc2 30. gxf6 Rxb2+ 0-1

[Event "SR 3. liga A2 2007/2008"]
[Site "?"]
[Date "2007.10.27"]
[Round "3"]
[White "Danada, Ondrej"]
[Black "Palka, Martin"]
[Result "0-1"]
[WhiteElo "1752"]
[BlackElo "1912"]
[PlyCount "54"]
[EventDate "2007.??.??"]

1. e4 c5 2. Nf3 d6 3. d4 cxd4 4. Nxd4 Nf6 5. Nc3 a6 6. Bg5 e6 7. f4 Qb6 8. Nb3
Nc6 9. Qf3 Be7 10. O-O-O Qc7 11. g4 b5 12. Bg2 Bb7 13. Rhe1 b4 14. Na4 Na5 15.
Nd4 Rc8 16. c3 bxc3 17. Nxc3 O-O 18. h4 Qc4 19. Kb1 Qb4 20. f5 Nc4 21. Qe2 e5
22. Nb3 a5 23. Bxf6 Bxf6 24. g5 Bd8 25. Nd5 Bxd5 26. Rxd5 a4 27. Nc1 Na3+ 0-1

[Event "SR 3. liga A2 2007/2008"]
[Site "?"]
[Date "2007.10.27"]
[Round "3"]
[White "Fidericky, Milan"]
[Black "Skapik, Branislav"]
[Result "0-1"]
[WhiteElo "1883"]
[BlackElo "1797"]
[PlyCount "94"]
[EventDate "2007.??.??"]

1. c4 c5 2. Nc3 Nf6 3. e4 Nc6 4. f4 d6 5. Nf3 g6 6. Be2 Bg7 7. O-O Bg4 8. d3 a6
9. h3 Bxf3 10. Bxf3 Nd4 11. Be3 Nd7 12. Qd2 e6 13. g3 Rb8 14. Bg2 f5 15. Kh2
O-O 16. exf5 Nxf5 17. Bf2 b5 18. b3 b4 19. Ne4 Bxa1 20. Rxa1 e5 21. Ng5 exf4
22. Bd5+ Kh8 23. gxf4 Qf6 24. Rc1 Nd4 25. Bg3 h6 26. Ne4 Nf3+ 27. Kg2 Nxd2 28.
Nxf6 Nxf6 29. Bc6 Nh5 30. Rd1 Nxf4+ 31. Kh2 Ne2 32. Bxd6 Rf2+ 33. Kh1 Rd8 34.
Bxc5 Rf1+ 35. Rxf1 Nxf1 36. Be4 Nfg3+ 37. Kg2 Nxe4 38. dxe4 Nf4+ 39. Kf3 Nd3
40. Be7 Rd7 41. Bf6+ Kg8 42. Ke3 Kf7 43. Bd4 Nc1 44. c5 Ke6 45. c6 Rc7 46. Bc5
Nxa2 47. Kd4 Rxc6 0-1

[Event "SR 3. liga A2 2007/2008"]
[Site "?"]
[Date "2007.10.27"]
[Round "3"]
[White "Pagerka, Slavomir"]
[Black "Havlicek, Peter"]
[Result "1-0"]
[WhiteElo "1691"]
[BlackElo "1688"]
[PlyCount "49"]
[EventDate "2007.??.??"]

1. e4 e5 2. Nf3 d6 3. Nc3 Nf6 4. d4 exd4 5. Nxd4 Be7 6. Bc4 O-O 7. O-O Nxe4 8.
Nxe4 d5 9. Bd3 dxe4 10. Bxe4 Bf6 11. c3 c6 12. Qc2 g6 13. Bh6 Re8 14. Rad1 Qa5
15. Rfe1 Be6 16. Nxe6 Rxe6 17. Be3 Qc7 18. Rd2 Rd6 19. Bf4 Rxd2 20. Qxd2 Qd8
21. Qxd8+ Bxd8 22. Bxg6 Kg7 23. Bf5 Na6 24. Re8 f6 25. Bd6 1-0

[Event "SR 3. liga A2 2007/2008"]
[Site "?"]
[Date "2007.11.11"]
[Round "3"]
[White "Pribila, Gerhard"]
[Black "Sekera, Branislav"]
[Result "0-1"]
[WhiteElo "2026"]
[BlackElo "2129"]
[PlyCount "140"]
[EventDate "2007.??.??"]

1. e4 c6 2. d4 d6 3. Nc3 Qc7 4. Nf3 e5 5. Be2 Bg4 6. O-O Nf6 7. Be3 Be7 8. Nd2
Bxe2 9. Qxe2 Nbd7 10. f4 O-O 11. Kh1 b5 12. f5 exd4 13. Bxd4 b4 14. Nd1 c5 15.
Be3 d5 16. Bf4 Bd6 17. Bxd6 Qxd6 18. exd5 Qxd5 19. Ne3 Qc6 20. Qf3 Qa6 21. Ndc4
Nb6 22. b3 Nxc4 23. Nxc4 Rad8 24. a3 Qc8 25. axb4 cxb4 26. Rxa7 Qc5 27. Ra5 Qd4
28. Raa1 Qh4 29. Qf4 Qh5 30. Ne3 Rfe8 31. g4 Qh4 32. Ng2 Qxg4 33. Qxg4 Nxg4 34.
Rf4 h5 35. h3 Nf6 36. Re1 Rxe1+ 37. Nxe1 Rd1 38. Rf1 Ne4 39. Kg2 Rc1 40. Rg1
Kf8 41. Kf3 Nd6 42. f6 g6 43. Ke2 Nf5 44. Kd2 Ra1 45. Rf1 Ra6 46. Nd3 Rd6 47.
Rf4 Nd4 48. Re4 g5 49. Nxb4 Nxb3+ 50. Kc3 Nc5 51. Rc4 Ne6 52. Rc8+ Nd8 53. Kc4
Ke8 54. Nd5 Kd7 55. Rc7+ Ke6 56. Re7+ Kf5 57. Re2 Ne6 58. Rf2+ Nf4 59. Nxf4
gxf4 60. Kc5 Rxf6 61. Kd5 Rg6 62. c4 Rg3 63. h4 Rd3+ 64. Kc6 Kg4 65. c5 Kg3 66.
Rf1 f3 67. Kb7 Rb3+ 68. Kc7 Rc3 69. c6 Kg2 70. Rd1 f2 0-1

[Event "SR 3. liga A2 2007/2008"]
[Site "?"]
[Date "2007.11.11"]
[Round "3"]
[White "Lopatievov, Alexander"]
[Black "Pribila, Michal"]
[Result "1/2-1/2"]
[WhiteElo "1904"]
[BlackElo "2067"]
[PlyCount "84"]
[EventDate "2007.??.??"]

1. b4 e5 2. Bb2 Bxb4 3. Bxe5 Nf6 4. c4 Nc6 5. Bb2 O-O 6. e3 d5 7. a3 Ba5 8. Nf3
Re8 9. Be2 dxc4 10. Bxc4 Be6 11. Bxe6 Rxe6 12. Qc2 Ng4 13. O-O Nce5 14. Bxe5
Nxe5 15. Nxe5 Rxe5 16. d4 Rh5 17. g3 Qd7 18. Qe2 Qh3 19. f3 Re8 20. Ra2 c6 21.
Nd2 Rxe3 22. Qf2 Bxd2 23. Qxd2 Qe6 24. Rb2 h6 25. g4 Rh3 26. Qg2 Rh4 27. Qf2 g5
28. a4 b6 29. Kg2 Qd6 30. h3 Qxd4 31. Re1 Rd3 32. Qxd4 Rxd4 33. a5 h5 34. Re5
f6 35. Re7 hxg4 36. hxg4 Rh7 37. Re6 Kf7 38. Rxc6 bxa5 39. Ra6 Ra4 40. Rb7+ Kg6
41. Rxh7 Kxh7 42. Rxf6 Ra2+ 1/2-1/2

[Event "SR 3. liga A2 2007/2008"]
[Site "?"]
[Date "2007.11.11"]
[Round "3"]
[White "Kocak, Branislav"]
[Black "Mackovic, Miroslav"]
[Result "1-0"]
[WhiteElo "1855"]
[BlackElo "2033"]
[PlyCount "157"]
[EventDate "2007.??.??"]

1. d4 g6 2. c4 Bg7 3. Nc3 Nf6 4. e4 d6 5. Be3 O-O 6. f3 Nc6 7. Bd3 e5 8. d5 Ne7
9. Qd2 Ne8 10. Bh6 f5 11. Bxg7 Nxg7 12. Nge2 f4 13. O-O-O g5 14. g3 Ng6 15.
Rhg1 Nh5 16. gxf4 gxf4 17. Qe1 Kh8 18. Qf2 a6 19. Kb1 Bd7 20. Rde1 Rg8 21. Nc1
Rb8 22. Nb3 Rg7 23. c5 Qe7 24. Be2 Rbg8 25. c6 bxc6 26. dxc6 Bxc6 27. Na5 Ba8
28. Bc4 Rb8 29. Bd5 Nf6 30. Qa7 Qd8 31. Qxa6 Bxd5 32. Nxd5 Nxd5 33. exd5 Rb6
34. Nc6 Qg8 35. Qd3 Nh4 36. Rxg7 Qxg7 37. Re2 Qg6 38. Qxg6 hxg6 39. a4 Nxf3 40.
a5 Ra6 41. b4 e4 42. b5 Ra8 43. b6 cxb6 44. axb6 e3 45. b7 Re8 46. Ra2 Nd2+ 47.
Kc2 e2 48. Ra1 Nf3 49. b8=Q Rxb8 50. Nxb8 e1=Q 51. Rxe1 Nxe1+ 52. Kd1 Nf3 53.
Nd7 Kg7 54. Nb6 Kf6 55. Nc4 Ke7 56. h3 Ng1 57. h4 Nf3 58. h5 gxh5 59. Ke2 Ne5
60. Nd2 Kf6 61. Ne4+ Kf5 62. Nxd6+ Kg4 63. Ne4 f3+ 64. Kf1 Kf4 65. Nf6 h4 66.
d6 h3 67. Nd5+ Kg3 68. Nc3 h2 69. Ne4+ Kf4 70. Nf2 Ng4 71. Nh1 Nf6 72. Ke1 Ke3
73. Kf1 Ne4 74. d7 Nd2+ 75. Ke1 Ne4 76. d8=Q f2+ 77. Nxf2 Nxf2 78. Qg5+ Kd3 79.
Qg3+ 1-0

[Event "SR 3. liga A2 2007/2008"]
[Site "?"]
[Date "2007.11.11"]
[Round "3"]
[White "Kozinka, Roman"]
[Black "Vach, Jozef"]
[Result "1-0"]
[WhiteElo "1992"]
[BlackElo "1944"]
[PlyCount "79"]
[EventDate "2007.??.??"]

1. e4 e5 2. Nf3 Nc6 3. Bb5 a6 4. Ba4 Nf6 5. O-O Be7 6. Re1 b5 7. Bb3 d6 8. c3
Na5 9. Bc2 c5 10. d4 Qc7 11. h3 O-O 12. Nbd2 Re8 13. Nf1 Nc4 14. b3 Nb6 15. d5
Bb7 16. Ne3 g6 17. g4 Bf8 18. Kh2 Bg7 19. Rg1 Bc8 20. Nf1 Qd7 21. Rg3 h6 22.
Be3 Rb8 23. Qd2 Kh7 24. Kg2 Ng8 25. N1h2 Qd8 26. Rh1 Rb7 27. h4 f6 28. g5 f5
29. gxh6 f4 30. Ng5+ Kxh6 31. Bxf4 exf4 32. Qxf4 Qf6 33. Ng4+ Bxg4 34. Qxg4 Rf8
35. Qe2 Qf4 36. h5 Qxg3+ 37. fxg3 Kxg5 38. hxg6 Nf6 39. e5 Nfxd5 40. Qh5# 1-0

[Event "SR 3. liga A2 2007/2008"]
[Site "?"]
[Date "2007.11.11"]
[Round "3"]
[White "Brunovsky, Peter"]
[Black "Zarecky, Eduard"]
[Result "1/2-1/2"]
[WhiteElo "1687"]
[BlackElo "1906"]
[PlyCount "68"]
[EventDate "2007.??.??"]

1. c4 e5 2. Nc3 Nf6 3. d3 Nc6 4. g3 Be7 5. Bg2 Nd4 6. e4 c6 7. Nge2 Nxe2 8.
Qxe2 O-O 9. O-O Bc5 10. h3 h6 11. Kh2 d6 12. f4 Nh7 13. f5 Bd7 14. g4 Qh4 15.
Qe1 Qxe1 16. Rxe1 Bf2 17. Rf1 Bh4 18. Be3 Bf6 19. Bf3 Rfd8 20. Kg3 Kf8 21. h4
Ke7 22. Kh3 Rh8 23. Rh1 b6 24. a4 Kd8 25. b4 Kc7 26. b5 g5 27. h5 Rhb8 28. Rhb1
c5 29. Nd5+ Kb7 30. a5 Bd8 31. Bd2 Nf6 32. Ra3 Nxd5 33. exd5 f6 34. Rba1 Be7
1/2-1/2

[Event "SR 3. liga A2 2007/2008"]
[Site "?"]
[Date "2007.11.11"]
[Round "3"]
[White "Lukac, Tomas"]
[Black "Zajicek, Ferdinand"]
[Result "1-0"]
[WhiteElo "1819"]
[BlackElo "1798"]
[PlyCount "57"]
[EventDate "2007.??.??"]

1. e4 e5 2. Nf3 Nc6 3. Bb5 d6 4. d3 Bd7 5. c3 Nf6 6. O-O Be7 7. Re1 O-O 8. Nbd2
a6 9. Ba4 b5 10. Bb3 Be6 11. Bxe6 fxe6 12. Qb3 Qd7 13. a4 Na5 14. Qd1 c5 15.
Nb3 Nc6 16. d4 exd4 17. cxd4 c4 18. d5 exd5 19. exd5 Nb4 20. Nbd4 Nfxd5 21. Ne6
Rf6 22. Nfd4 Nd3 23. Re2 N5f4 24. Bxf4 Nxf4 25. Nxf4 Rxf4 26. axb5 a5 27. Ne6
Rf6 28. Qd5 Kh8 29. Qxa8+ 1-0

[Event "SR 3. liga A2 2007/2008"]
[Site "?"]
[Date "2007.11.11"]
[Round "3"]
[White "Kastler, Peter"]
[Black "Gajarsky, Julius"]
[Result "1-0"]
[WhiteElo "1679"]
[BlackElo "1820"]
[PlyCount "126"]
[EventDate "2007.??.??"]

1. d4 Nf6 2. c4 e6 3. Nc3 Bb4 4. Bg5 c5 5. Nf3 cxd4 6. Qxd4 Be7 7. e3 Nc6 8.
Qd2 a6 9. Be2 h6 10. Bh4 O-O 11. O-O Nh5 12. Bxe7 Qxe7 13. Rfd1 Nf6 14. Rac1
Rb8 15. a3 Rd8 16. Qd6 Qxd6 17. Rxd6 Ne8 18. Rd2 Na5 19. Rcd1 Nb3 20. Rc2 Kf8
21. Nd4 Nxd4 22. Rxd4 Ke7 23. Rcd2 b6 24. Na4 g6 25. Bf3 Bb7 26. Bxb7 Rxb7 27.
c5 bxc5 28. Nxc5 Ra7 29. b4 d6 30. g3 Rc8 31. Ne4 Rc6 32. R2d3 Rac7 33. Kg2 g5
34. g4 f5 35. gxf5 exf5 36. Ng3 Ng7 37. Rd5 Ke6 38. a4 Rb7 39. b5 axb5 40. axb5
Rcb6 41. e4 fxe4 42. Nxe4 Ne8 43. Nc3 Nc7 44. R5d4 Nxb5 45. Nxb5 Rxb5 46. Rxd6+
Ke5 47. Rxh6 Rg7 48. Rf3 Rb4 49. Rh5 Ke4 50. Rh8 Rb1 51. Re8+ Kd4 52. Rfe3 Rbb7
53. Rd8+ Kc4 54. Rd1 Rbf7 55. Re4+ Kc3 56. Re3+ Kc2 57. Rd5 Rc7 58. Rg3 g4 59.
Rd4 Rcf7 60. Rdxg4 Rh7 61. Rd4 Rf5 62. Rc4+ Kb2 63. Rd4 Kc2 1-0

[Event "SR 3. liga A2 2007/2008"]
[Site "?"]
[Date "2007.11.11"]
[Round "3"]
[White "Kozinka, Jan"]
[Black "Papanek, Lubomir"]
[Result "1-0"]
[WhiteElo "1766"]
[BlackElo "1667"]
[PlyCount "117"]
[EventDate "2007.??.??"]

1. e4 c6 2. Nf3 d5 3. e5 e6 4. d4 c5 5. c3 Nc6 6. Be3 Qb6 7. Qb3 c4 8. Qc2 Qd8
9. Be2 Bd7 10. Nbd2 b5 11. a3 a5 12. O-O Be7 13. h3 h5 14. Nh2 g5 15. g3 Bf8
16. Ndf3 g4 17. Bg5 Be7 18. Bxe7 Qxe7 19. hxg4 hxg4 20. Nxg4 O-O-O 21. Kg2 Nh6
22. Nf6 Ng8 23. Ng4 a4 24. Rh1 Rxh1 25. Rxh1 Rf8 26. Rh7 Be8 27. Qd2 Qd8 28.
Ng5 Nce7 29. Bd1 Nf5 30. Rh8 Nfe7 31. Bc2 Bd7 32. Nh7 Re8 33. Qf4 f5 34. exf6
Nxf6 35. Rxe8 Nxe8 36. Ne5 Qc7 37. Nf8 Bc6 38. Nxe6 Qd6 39. g4 Qxe6 40. Qf8 Kc7
41. Kg3 Qf6 42. Qxf6 Nxf6 43. g5 Ne4+ 44. Bxe4 dxe4 45. Kf4 Bd5 46. Ng4 Kd6 47.
Ne3 Bc6 48. Nf5+ Nxf5 49. Kxf5 Bd5 50. Kf6 Kd7 51. Ke5 Kc6 52. g6 Bg8 53. Kxe4
Kd6 54. Kf5 Ke7 55. Ke5 Be6 56. f4 Bg4 57. f5 Kf8 58. d5 Kg7 59. d6 1-0

[Event "SR 3. liga A2 2007/2008"]
[Site "?"]
[Date "2007.11.25"]
[Round "4"]
[White "Hudacek, Josef"]
[Black "Kovacocy, Pavel"]
[Result "0-1"]
[WhiteElo "2081"]
[BlackElo "2244"]
[PlyCount "80"]
[EventDate "2007.??.??"]

1. e4 c5 2. Ne2 Nc6 3. Nbc3 g6 4. g3 Bg7 5. Bg2 e6 6. O-O Nge7 7. d3 Rb8 8. a4
a6 9. f4 d6 10. g4 f5 11. h3 Nd4 12. Ng3 O-O 13. Nce2 Nec6 14. c3 Nxe2+ 15.
Qxe2 Qh4 16. Bd2 fxg4 17. Qxg4 Qxg4 18. hxg4 Na5 19. Be3 Bd7 20. f5 Be5 21. Bf4
Nc6 22. Bh3 Bxf4 23. Rxf4 Ne5 24. Rff1 exf5 25. gxf5 Nxd3 26. Rfd1 c4 27. b3 b5
28. axb5 axb5 29. Rxd3 cxd3 30. Rd1 gxf5 31. exf5 Ra8 32. Rxd3 Ra6 33. Rd5 Re8
34. Kf2 Ra2+ 35. Kg1 Re3 36. Nh5 Rxh3 37. Nf6+ Kf7 38. Nxd7 Rxc3 39. Rd1 Rxb3
40. Re1 Rba3 0-1

[Event "SR 3. liga A2 2007/2008"]
[Site "?"]
[Date "2007.11.25"]
[Round "4"]
[White "Cechovic, Stefan"]
[Black "Strakac, Petr"]
[Result "1/2-1/2"]
[WhiteElo "2164"]
[BlackElo "2029"]
[PlyCount "145"]
[EventDate "2007.??.??"]

1. Nf3 Nf6 2. c4 g6 3. g3 Bg7 4. Bg2 O-O 5. O-O d6 6. d4 Bg4 7. h3 Bd7 8. Nc3
Nc6 9. d5 Nb8 10. e4 e5 11. dxe6 Bxe6 12. Qe2 Nc6 13. Rd1 Qc8 14. Kh2 Nd7 15.
Nd5 Re8 16. Ng5 Nd4 17. Qf1 Bxd5 18. exd5 Nc5 19. Nf3 Nxf3+ 20. Bxf3 Qf5 21.
Bg4 Qe4 22. Rd2 Re5 23. f4 Qe1 24. Kg2 Re3 25. Qxe1 Rxe1 26. Re2 Re8 27. Rxe8+
Rxe8 28. Kf1 Ne4 29. Kg2 Bd4 30. Bf3 Nf2 31. Bd2 Nd3 32. Kf1 Nxb2 33. Rc1 Nd3
34. Rb1 b6 35. h4 h5 36. f5 Kg7 37. Be2 Nf2 38. Bc3 Bxc3 39. Kxf2 Bd4+ 40. Kf1
Be5 41. Rb3 Bd4 42. Rf3 Re5 43. Bd3 a5 44. fxg6 fxg6 45. g4 hxg4 46. Rf4 Be3
47. Rxg4 g5 48. hxg5 Bxg5 49. Rg2 Kf6 50. Rf2+ Ke7 51. Bg6 Bf6 52. Re2 Kd7 53.
Rh2 c6 54. Rh7+ Be7 55. Bf7 cxd5 56. cxd5 Re4 57. Be6+ Ke8 58. Bf7+ Kf8 59. Be6
Ra4 60. Rf7+ Ke8 61. Rf2 Bh4 62. Rc2 Rb4 63. Ke2 Ke7 64. Kd3 Kf6 65. Rc4 Be1
66. Rxb4 Bxb4 67. a4 Ke5 68. Kc4 Ke4 69. Bd7 Ke3 70. Bc6 Kd2 71. Bb5 Kc2 72.
Bc6 Bc5 73. Bb5 1/2-1/2

[Event "SR 3. liga A2 2007/2008"]
[Site "?"]
[Date "2007.11.25"]
[Round "4"]
[White "Pekar, Tibor"]
[Black "Sarmir, Milos"]
[Result "1-0"]
[WhiteElo "1973"]
[BlackElo "2112"]
[PlyCount "99"]
[EventDate "2007.??.??"]

1. e4 e5 2. Nf3 Nc6 3. Bc4 Be7 4. a3 Nf6 5. d3 d6 6. h3 O-O 7. Nc3 a6 8. b4 Nd4
9. Be3 Nxf3+ 10. Qxf3 b5 11. Bd5 Nxd5 12. Nxd5 Bb7 13. Nxe7+ Qxe7 14. Qg4 a5
15. O-O c5 16. c3 Bc8 17. Qg5 f6 18. Qh4 Be6 19. f4 axb4 20. axb4 Bb3 21. bxc5
exf4 22. Qxf4 dxc5 23. Qf2 Rxa1 24. Rxa1 Rc8 25. Re1 Qe5 26. Qb2 c4 27. dxc4
Bxc4 28. Bd4 Qg3 29. Qf2 Qg6 30. Re3 Rf8 31. Qf4 Qh5 32. Rg3 Kh8 33. e5 Qh6 34.
Qf3 Qc1+ 35. Kh2 Qf1 36. exf6 gxf6 37. Qe4 Rg8 38. Qe7 Rxg3 39. Bxf6+ Qxf6 40.
Qxf6+ Rg7 41. g4 Kg8 42. Kg3 Rf7 43. Qe5 Kf8 44. h4 Kg8 45. g5 Kf8 46. Kg4 Re7
47. Qh8+ Bg8 48. Qf6+ Ke8 49. Qc6+ Kd8 50. Qa8+ 1-0

[Event "SR 3. liga A2 2007/2008"]
[Site "?"]
[Date "2007.11.25"]
[Round "4"]
[White "Liptak, Tomas"]
[Black "Vepy, Ivan"]
[Result "1-0"]
[WhiteElo "1987"]
[BlackElo "1973"]
[PlyCount "91"]
[EventDate "2007.??.??"]

1. e4 e5 2. Nf3 d6 3. Bc4 Be7 4. O-O Nf6 5. Re1 Bg4 6. h3 Bh5 7. c3 Nc6 8. b4
O-O 9. Bd5 Qd7 10. d3 Nxd5 11. exd5 Nd8 12. Nxe5 dxe5 13. Qxh5 Bf6 14. Qf3 Re8
15. Nd2 e4 16. dxe4 c6 17. dxc6 Nxc6 18. Rb1 Ne5 19. Qe3 Rad8 20. Re2 Qa4 21.
f4 Rd3 22. Qf2 Ng6 23. e5 Bh4 24. Qf1 Red8 25. f5 Nf8 26. Rb3 Qxa2 27. Ra3 Qd5
28. c4 Qd4+ 29. Kh1 Bg5 30. Rxd3 Qxd3 31. e6 fxe6 32. fxe6 Nxe6 33. Qe1 Bh4 34.
Qf1 Ng5 35. Re8+ Rxe8 36. Qxd3 Re1+ 37. Kh2 Rxc1 38. g3 Rd1 39. Kg2 Bxg3 40.
Qd8+ Kf7 41. Qxg5 Be1 42. Ne4 Bxb4 43. Qf5+ Ke7 44. Ng5 Rd6 45. Qf7+ Kd8 46.
Ne6+ 1-0

[Event "SR 3. liga A2 2007/2008"]
[Site "?"]
[Date "2007.11.25"]
[Round "4"]
[White "Hrubsa, Marian"]
[Black "Vlkovic, Pavol"]
[Result "1/2-1/2"]
[WhiteElo "1719"]
[BlackElo "1930"]
[PlyCount "118"]
[EventDate "2007.??.??"]

1. e4 e5 2. Nf3 Nc6 3. Bb5 a6 4. Bxc6 dxc6 5. O-O Qd6 6. d4 f6 7. c3 Bg4 8. Be3
O-O-O 9. Nbd2 exd4 10. cxd4 Qd7 11. Qc2 Ne7 12. b4 h5 13. a4 h4 14. Qc3 h3 15.
g3 Rh5 16. Rfb1 Qe6 17. Ne1 Be2 18. Nd3 Bxd3 19. Qxd3 f5 20. b5 fxe4 21. Nxe4
a5 22. bxc6 Nxc6 23. Rc1 Rd7 24. Nc3 Nb4 25. Qe4 Qf7 26. Nb5 Nd5 27. Rab1 Kb8
28. Nc3 Bb4 29. Ne2 Re7 30. Qh1 Nxe3 31. fxe3 Rxe3 32. Nf4 Rh6 33. Rf1 Qa2 34.
Qd5 Qxd5 35. Nxd5 Re4 36. Nxb4 axb4 37. Rxb4 c5 38. Rc4 cxd4 39. Rd1 Rhe6 40.
Rcxd4 Rxd4 41. Rxd4 Re1+ 42. Kf2 Rh1 43. Rg4 Rxh2+ 44. Kg1 Ra2 45. Rxg7 Rxa4
46. Kh2 Rc4 47. Rg5 Ka7 48. Kxh3 Ka6 49. Rg6+ Ka5 50. g4 b5 51. Rg5 Ka4 52. Re5
b4 53. g5 b3 54. Re1 b2 55. Rb1 Kb3 56. g6 Ka2 57. Rg1 Rc1 58. Rg2 Rc6 59. g7
Rh6+ 1/2-1/2

[Event "SR 3. liga A2 2007/2008"]
[Site "?"]
[Date "2007.11.25"]
[Round "4"]
[White "Liptak, Dusan"]
[Black "Harastova, Viera"]
[Result "1-0"]
[WhiteElo "1729"]
[BlackElo "1650"]
[PlyCount "69"]
[EventDate "2007.??.??"]

1. d4 d5 2. c4 e6 3. Nf3 Nf6 4. Nc3 c6 5. e3 Bb4 6. Qc2 Nbd7 7. Bd2 O-O 8. b3
Bxc3 9. Bxc3 Ne4 10. Bb2 Qa5+ 11. Nd2 Nxd2 12. Qxd2 Qxd2+ 13. Kxd2 Nf6 14. f3
b6 15. Bd3 Ba6 16. Rac1 Rac8 17. cxd5 Bxd3 18. Kxd3 cxd5 19. Ba3 Rfe8 20. Bd6
Nd7 21. e4 dxe4+ 22. fxe4 f6 23. a4 Kf7 24. Rc4 Rxc4 25. bxc4 Rd8 26. Kc3 Rc8
27. Rb1 Rc6 28. Ba3 Kg6 29. a5 Nb8 30. d5 exd5 31. exd5 Rc8 32. axb6 axb6 33.
Rxb6 Nd7 34. Rb7 Ne5 35. c5 1-0

[Event "SR 3. liga A2 2007/2008"]
[Site "?"]
[Date "2007.11.25"]
[Round "4"]
[White "Geher, Stanislav"]
[Black "Hornak, Pavol"]
[Result "1-0"]
[WhiteElo "1540"]
[BlackElo "1619"]
[PlyCount "86"]
[EventDate "2007.??.??"]

1. d4 Nf6 2. c4 g6 3. Nc3 d5 4. cxd5 Nxd5 5. e4 Nxc3 6. bxc3 Bg7 7. Nf3 c5 8.
Bb2 Qa5 9. Qd2 Bg4 10. Be2 Bxf3 11. Bxf3 Nc6 12. d5 Ne5 13. Be2 O-O 14. O-O
Rad8 15. f4 Nd7 16. Qc2 Qc7 17. c4 Bxb2 18. Qxb2 e6 19. Rad1 e5 20. d6 Qc6 21.
Rd5 Nf6 22. Qxe5 Nxd5 23. exd5 Qxd6 24. Qxd6 Rxd6 25. Kf2 Ra6 26. Ra1 Rd8 27.
a4 Rf6 28. g3 g5 29. Kf3 gxf4 30. gxf4 Kg7 31. Rg1+ Rg6 32. Rxg6+ hxg6 33. Bd3
Kf6 34. h3 g5 35. Kg4 gxf4 36. Kxf4 Ke7 37. Bf5 f6 38. h4 a6 39. h5 b5 40. h6
bxa4 41. h7 a3 42. Bb1 Rh8 43. d6+ Kxd6 1-0

[Event "SR 3. liga A2 2007/2008"]
[Site "?"]
[Date "2007.11.25"]
[Round "4"]
[White "Olos, Stanislav"]
[Black "Harasta, Juraj"]
[Result "0-1"]
[WhiteElo "1565"]
[BlackElo "1649"]
[PlyCount "64"]
[EventDate "2007.??.??"]

1. e4 e5 2. Nf3 Nc6 3. Nc3 Bc5 4. Bb5 a6 5. Bc4 Nf6 6. d3 d6 7. Bg5 Na5 8. Bb3
Nxb3 9. axb3 c6 10. h3 O-O 11. Qd2 h6 12. Bh4 Be6 13. Nh2 d5 14. Ng4 Be7 15.
Nxe5 dxe4 16. g4 exd3 17. Nxd3 Nd5 18. Bxe7 Qxe7 19. O-O-O Rad8 20. f4 Qh4 21.
f5 Nxc3 22. Qxc3 Bd5 23. Rh2 Rfe8 24. Nf4 Qg5 25. Qg3 Re4 26. Rf2 h5 27. Kb1
hxg4 28. hxg4 b5 29. Rh1 Rxf4 30. Rh5 Qxg4 31. Rfh2 Rf1+ 32. Ka2 Qa4# 0-1

[Event "SR 3. liga A2 2007/2008"]
[Site "?"]
[Date "2007.11.25"]
[Round "4"]
[White "Provaznik, Michal"]
[Black "Ivan, Imrich ml"]
[Result "1/2-1/2"]
[WhiteElo "2186"]
[BlackElo "2012"]
[PlyCount "90"]
[EventDate "2007.??.??"]

1. Nf3 Nf6 2. d4 d5 3. g3 Bg4 4. Bg2 e6 5. Nbd2 Be7 6. O-O O-O 7. Ne5 Bh5 8. b3
Nbd7 9. Bb2 c6 10. h3 Qc7 11. Qe1 Nxe5 12. dxe5 Nd7 13. f4 f6 14. g4 Be8 15.
Nf3 fxe5 16. Nxe5 Nxe5 17. Bxe5 Qb6+ 18. Kh1 Bf6 19. Qc3 Bd7 20. Rad1 a5 21. e4
Rae8 22. Bxf6 Rxf6 23. f5 Ref8 24. Qg3 exf5 25. gxf5 Kh8 26. exd5 Bxf5 27. dxc6
bxc6 28. Qe5 h6 29. Rd6 Rxd6 30. Qxd6 Rf6 31. Qe5 Qb5 32. Qe8+ Kh7 33. c4 Qc5
34. Re1 Qf2 35. Re2 Qh4 36. Re3 Bg6 37. Qe7 Qh5 38. Qe5 $11 Rf5 39. Qd4 Rf2 40.
Re7 Rf7 41. Rxf7 Bxf7 42. Qe4+ Bg6 43. Qxc6 Qd1+ 44. Kh2 Qd2 45. Qd5 Qf4+
1/2-1/2

[Event "SR 3. liga A2 2007/2008"]
[Site "?"]
[Date "2007.11.25"]
[Round "4"]
[White "Csefalvay, Stefan"]
[Black "Horak, Ivan"]
[Result "0-1"]
[WhiteElo "1948"]
[BlackElo "2140"]
[PlyCount "138"]
[EventDate "2007.??.??"]

1. Nf3 d5 2. d4 Nf6 3. g3 c5 4. dxc5 e6 5. Bg2 Bxc5 6. O-O O-O 7. e3 Nc6 8.
Nfd2 b6 9. Nf3 Ba6 10. Re1 Rc8 11. c3 Qc7 12. Bf1 Bxf1 13. Kxf1 Rfd8 14. Qe2
Ne5 15. Nbd2 h5 16. b3 Nxf3 17. Nxf3 Ne4 18. Bb2 Be7 19. Rac1 Bf6 20. Nd4 g6
21. c4 Qd7 22. f3 Nc5 23. Red1 e5 24. Nb5 a6 25. Nc3 Qh3+ 26. Kg1 dxc4 27. bxc4
h4 28. Nd5 Rxd5 29. Rxd5 hxg3 30. hxg3 Qxg3+ 31. Qg2 Qh4 32. Qg4 Qxg4+ 33. fxg4
Rc6 34. Kg2 Kg7 35. g5 Bxg5 36. Bxe5+ f6 37. Bd4 Ne6 38. Rc2 Kf7 39. Rd7+ Ke8
40. Rb7 Kd8 41. Kf3 Kc8 42. Rh7 f5 43. Ke2 Bd8 44. Rh8 Kb7 45. Be5 g5 46. Rd2
Bc7 47. Rd7 Rxc4 48. Bxc7 Nxc7 49. Rf7 f4 50. Rhh7 fxe3 51. Kxe3 b5 52. Rhg7 g4
53. Rf4 Rc2 54. a4 g3 55. axb5 axb5 56. Rfg4 Kb6 57. Kd3 Rc1 58. Rxg3 Nd5 59.
Kd2 Rc4 60. Rd7 Kc6 61. Rd8 Rd4+ 62. Kc1 b4 63. Rg6+ Kb5 64. Rgd6 Kc5 65. R6d7
Kc4 66. Rxd5 Rxd5 67. Rxd5 Kxd5 68. Kc2 Kc6 69. Kb3 Kb5 {biely èas} 0-1

[Event "SR 3. liga A2 2007/2008"]
[Site "?"]
[Date "2007.11.25"]
[Round "4"]
[White "Kovarik, Oto"]
[Black "Vizvari, Ludovit"]
[Result "1/2-1/2"]
[WhiteElo "2054"]
[BlackElo "2050"]
[PlyCount "100"]
[EventDate "2007.??.??"]

1. e4 c5 2. Nf3 e6 3. d4 cxd4 4. Nxd4 a6 5. c4 Nf6 6. Bd3 Qc7 7. O-O Nc6 8.
Nxc6 dxc6 9. Qe2 e5 10. Nd2 Bg4 11. f3 Be6 12. Nb3 a5 13. Be3 Nd7 14. Qf2 a4
15. Nd2 b6 16. Rab1 Bc5 17. Rfc1 O-O 18. Bf1 Rfd8 19. Rc2 Bxe3 20. Qxe3 Nf8 21.
g3 f6 22. f4 exf4 23. gxf4 Nd7 24. Nf3 Re8 25. Re1 Re7 26. Nd4 Rae8 27. Rg2 Nc5
28. Qg3 Qd7 29. Rd2 Qc7 30. e5 fxe5 31. Rxe5 Bc8 32. Rxe7 Rxe7 33. Re2 Rxe2 34.
Bxe2 Qe7 35. Qf3 Bd7 36. b4 axb3 37. axb3 Qf6 38. Qe3 Ne6 39. Nxe6 Qxe6 40. Qd2
c5 41. Bf3 Kf8 42. b4 Qe7 43. bxc5 Qxc5+ 44. Kg2 Be6 45. Qd8+ Kf7 46. Bd5 Qe7
47. Bxe6+ Qxe6 48. Qd3 g6 49. Kf2 h5 50. Qb3 Kg7 1/2-1/2

[Event "SR 3. liga A2 2007/2008"]
[Site "?"]
[Date "2007.11.25"]
[Round "4"]
[White "Csiba, Peter"]
[Black "Sefcik, Marek"]
[Result "1-0"]
[WhiteElo "1987"]
[BlackElo "1955"]
[PlyCount "61"]
[EventDate "2007.??.??"]

1. e4 Nc6 2. d4 d5 3. e5 f6 4. f4 Bf5 5. Nf3 e6 6. c3 Be4 7. Nbd2 f5 8. b4 Be7
9. Qa4 Kf8 10. Be2 Nh6 11. Nb3 Qc8 12. Rg1 a6 13. Nc5 Bxc5 14. bxc5 b5 15. Qd1
Na5 16. Ng5 Nf7 17. Nxe4 fxe4 18. g4 Qd8 19. Kf1 g6 20. Qe1 Ke8 21. f5 Kd7 22.
fxe6+ Kxe6 23. g5 Qf8 24. Bg4+ Ke7 25. Ke2 Nc4 26. Rf1 Qg7 27. Qg3 Nd8 28. Rf6
Rf8 29. Bd2 Nxd2 30. Kxd2 Qg8 31. Raf1 1-0

[Event "SR 3. liga A2 2007/2008"]
[Site "?"]
[Date "2007.11.25"]
[Round "4"]
[White "Jozefovic, Milan"]
[Black "Magyarics, Jozef"]
[Result "1-0"]
[WhiteElo "1932"]
[BlackElo "1567"]
[PlyCount "67"]
[EventDate "2007.??.??"]

1. e4 e5 2. Nf3 Nc6 3. Bc4 Bc5 4. O-O Nf6 5. c3 d5 6. exd5 Nxd5 7. d4 exd4 8.
Qb3 Be6 9. Qxb7 Nce7 10. Qb5+ c6 11. Qxc5 O-O 12. Nxd4 Qd7 13. Bg5 Ng6 14. Nd2
h6 15. Nxe6 fxe6 16. Bxd5 Qxd5 17. Qxd5 cxd5 18. Be3 Ne5 19. Bc5 Rfe8 20. Rad1
Nd3 21. Ba3 e5 22. Nb3 e4 23. Nc5 Nxc5 24. Bxc5 Red8 25. Rd4 Rab8 26. b3 Rbc8
27. b4 a5 28. a3 Rc6 29. Rfd1 Re6 30. Rxd5 Rxd5 31. Rxd5 axb4 32. axb4 Ra6 33.
g3 Ra3 34. Bd4 1-0